01616nam a2200145 4500008001800000020001800018082002300036100003300059245003400092250001100126260007100137300003400208505112400242650010401366708.972.86 M743ar a9789968530477 a708.972.86bM743ar aMonge Picado, María José aArtes visuales en los setenta a1a ed. aSan José, Costa RicabFundación Museos del Banco Centralc2019 a152 p.bil. (col)c28 x 22 cm tPresentación / ForewordtIntroducción / Introductiont1. El contexto / The Contextt1.1 La Bienal del 71: una amplificadora de voces / The Biennale of 1971: a voice amplifiert1.2 Políticas inéditas en el marco de la Guerra Fría Global / Unprecedented policies in the framework of the Global Cold Wart2. Las voces de los setenta / The voices of the 1970st2.1 Artepuristas / Art puristst2.1.1 ¡La imaginación al poder! / Power to the imagination!t2.2 La metáfora telúrica de las "raíces nacionales" / The telluric metaphor of "national roots"t2.2.1 El paisaje: emblema político y problema plástico / The landscape: political emblem and problem for the plastic artst2.2.2 El nexo ancestral: material y volumen / The ancestral link: matter and volume t2.3 Un arte nuevo, un arte latinoamericano / A new art, a Latin American artt2.3.1 Testigo de su tiempo y herramienta de transformación social / Witness of its time and tool for social transformation t2.3.2 Hacia la pluralidad estética / Towards aesthetic pluralitytLista de figuras / List of figurestBibliografía / Bibliography  xarte costarricensexartes visuales - Costa Ricaxartes visuales - años setentaxhistoria del arte